000 00697nam a2200205 i 4500
001 67767
003 ES-MaACL
005 20230906170138.0
007 t|
008 040204s1956 sp ||||1| spa d
100 1 _aGalter, Albert.
_953676
245 1 4 _aEl "Libro rojo de la Iglesia perseguida"
_b: la iglesia católica y el comunismo /
_cAlbert Galter ; [versión española de M.M. Jiménez Millas].
260 _aMadrid :
_bAtenas,
_c[1956] (
_fArtes Gráficas Helénica)
300 _a574 p. ;
_c21 cm.
490 1 _aApostolado moderno
700 1 _aJiménez Millas, M. M.
_966565
830 0 _aApostolado moderno
_9184531
852 _aES-MaACL
_jC-2191
_bR.41689
999 _c67767
_d67767